[Event "Rennes op 03th"]
[Site "Rennes"]
[Date "2010.07.17"]
[Round "1.7"]
[White "Boukhris-Ferre, Yacine"]
[Black "Mladenov, Plamen"]
[Result "0-1"]
[WhiteElo "1975"]
[BlackElo "2363"]
[PlyCount "56"]
[EventDate "2010.07.??"]
[EventType "swiss"]
[EventRounds "9"]
[EventCountry "FRA"]
[WhiteTeamCountry "FRA"]
[BlackTeamCountry "FRA"]

1. e4 c5 2. Nc3 Nc6 3. g3 g6 4. Bg2 Bg7 5. Nge2 e6 6. d3 Nge7 7. Bg5 h6 8. Be3
Nd4 9. Qd2 O-O 10. Nd1 d5 11. Nxd4 cxd4 12. Bxh6 dxe4 13. dxe4 Nc6 14. h4 e5
15. O-O Be6 16. b3 Rc8 17. Nb2 Bxh6 18. Qxh6 Nb4 19. Nd3 Nxd3 20. cxd3 Rc3 21.
f4 Bg4 22. Bf3 Rxd3 23. f5 Qf6 24. Bxg4 Rxg3+ 25. Kh2 Rxg4 26. Kh3 Rxe4 27.
fxg6 Qe6+ 28. Kh2 Re2+ 0-1

[Event "Rennes op 03th"]
[Site "Rennes"]
[Date "2010.07.17"]
[Round "1.8"]
[White "Milchev, Nikolay"]
[Black "Palacios-Aguilar, Diego-Andre"]
[Result "1-0"]
[WhiteElo "2360"]
[BlackElo "1966"]
[PlyCount "69"]
[EventDate "2010.07.??"]
[EventType "swiss"]
[EventRounds "9"]
[EventCountry "FRA"]
[WhiteTeamCountry "FRA"]
[BlackTeamCountry "FRA"]

1. c4 c5 2. g3 g6 3. Bg2 Bg7 4. Nc3 Nc6 5. e3 e6 6. Nge2 Nge7 7. Nf4 O-O 8. h4
e5 9. Nfd5 Nxd5 10. Nxd5 Ne7 11. h5 Nxd5 12. Bxd5 Qg5 13. d3 d6 14. hxg6 hxg6
15. e4 Qf6 16. Qe2 Rb8 17. f3 Be6 18. Qh2 Rfe8 19. Ke2 Bxd5 20. cxd5 b5 21. Be3
c4 22. Rad1 cxd3+ 23. Rxd3 Rbc8 24. Qh7+ Kf8 25. Qh3 Rc2+ 26. Rd2 Rec8 27. Qd7
Rxd2+ 28. Bxd2 Rc2 29. Qxb5 Qg5 30. Qb8+ Ke7 31. Qxa7+ Kf8 32. Qb8+ Ke7 33.
Qc7+ Rxc7 34. Bxg5+ f6 35. Bc1 1-0

[Event "Rennes op 03th"]
[Site "Rennes"]
[Date "2010.07.17"]
[Round "1.9"]
[White "Pytel, Bozena"]
[Black "Pytel, Krzysztof"]
[Result "0-1"]
[WhiteElo "1964"]
[BlackElo "2360"]
[PlyCount "67"]
[EventDate "2010.07.??"]
[EventType "swiss"]
[EventRounds "9"]
[EventCountry "FRA"]
[WhiteTeamCountry "FRA"]
[BlackTeamCountry "FRA"]

1. Nf3 d6 2. d4 Bg4 3. c4 Bxf3 4. exf3 Nd7 5. f4 e6 6. g3 c6 7. Bg2 Ngf6 8. Nd2
g6 9. b3 Bg7 10. Bb2 O-O 11. O-O d5 12. Qe2 Qa5 13. Nf3 Rfd8 14. Ne5 Rac8 15.
Rfd1 Qa6 16. Rd2 dxc4 17. bxc4 Nb6 18. c5 Qxe2 19. Rxe2 Na4 20. Rb1 Nd5 21.
Bxd5 Rxd5 22. Ba1 b5 23. Kg2 a5 24. Bb2 Nxb2 25. Rbxb2 Rxd4 26. Red2 Bxe5 27.
fxe5 Rcd8 28. Re2 R8d5 29. f4 Kf8 30. Kf3 Ke7 31. Re4 f6 32. exf6+ Kxf6 33.
Rxd4 Rxd4 34. Ke3 0-1

[Event "Rennes op 03th"]
[Site "Rennes"]
[Date "2010.07.17"]
[Round "1.10"]
[White "Song, Julien"]
[Black "Bourgois, Bastien"]
[Result "1-0"]
[WhiteElo "2347"]
[BlackElo "1964"]
[PlyCount "59"]
[EventDate "2010.07.??"]
[EventType "swiss"]
[EventRounds "9"]
[EventCountry "FRA"]
[WhiteTeamCountry "FRA"]
[BlackTeamCountry "FRA"]

1. d4 Nf6 2. c4 g6 3. Nc3 Bg7 4. Nf3 O-O 5. Bg5 d6 6. e3 c6 7. Be2 Nbd7 8. Qc2
a6 9. Nd2 e5 10. O-O Qc7 11. Rad1 b5 12. dxe5 dxe5 13. Nde4 b4 14. Na4 Nxe4 15.
Qxe4 Nf6 16. Qh4 Nd7 17. Be7 Re8 18. Bxb4 Bf8 19. Bxf8 Nxf8 20. c5 Be6 21. Nb6
Rad8 22. b3 Nd7 23. Nxd7 Rxd7 24. Rxd7 Bxd7 25. Rd1 a5 26. Bc4 Kg7 27. Bxf7 Rf8
28. Bc4 Be8 29. Qd8 Qa7 30. Qd6 1-0

[Event "Rennes op 03th"]
[Site "Rennes"]
[Date "2010.07.18"]
[Round "2.1"]
[White "Bratanov, Zsivko"]
[Black "Marzolf, Bruno"]
[Result "1-0"]
[WhiteElo "2480"]
[BlackElo "2264"]
[PlyCount "71"]
[EventDate "2010.07.??"]
[EventType "swiss"]
[EventRounds "9"]
[EventCountry "FRA"]
[WhiteTeamCountry "FRA"]
[BlackTeamCountry "FRA"]

1. d4 d5 2. c4 Nc6 3. cxd5 Qxd5 4. e3 e5 5. Nc3 Bb4 6. a3 Bxc3+ 7. bxc3 Nf6 8.
c4 Qd6 9. d5 Ne7 10. a4 Qb4+ 11. Bd2 Qd6 12. Qb1 a5 13. Bd3 O-O 14. Ne2 c6 15.
e4 Nd7 16. O-O Nc5 17. Bc1 Nxd3 18. Qxd3 c5 19. f4 f6 20. f5 Bd7 21. g4 Rf7 22.
Bd2 Nc8 23. h4 g6 24. Ng3 Qa6 25. g5 Nd6 26. Rac1 Raf8 27. h5 gxf5 28. g6 Re7
29. exf5 e4 30. Qc3 e3 31. Bxe3 Ne4 32. Nxe4 Rxe4 33. Bxc5 Rg4+ 34. Kh2 Rc8 35.
Qe3 Re8 36. Qh6 1-0

[Event "Rennes op 03th"]
[Site "Rennes"]
[Date "2010.07.18"]
[Round "2.2"]
[White "Okhotnik, Vladimir"]
[Black "Daurelle, Herve"]
[Result "1/2-1/2"]
[WhiteElo "2467"]
[BlackElo "2239"]
[PlyCount "57"]
[EventDate "2010.07.??"]
[EventType "swiss"]
[EventRounds "9"]
[EventCountry "FRA"]
[WhiteTeamCountry "FRA"]
[BlackTeamCountry "FRA"]

1. c4 Nf6 2. Nc3 c5 3. Nf3 d5 4. cxd5 Nxd5 5. d4 Nxc3 6. bxc3 e6 7. e4 cxd4 8.
cxd4 Bb4+ 9. Bd2 Bxd2+ 10. Qxd2 O-O 11. Be2 b6 12. O-O Bb7 13. Qe3 Nc6 14. Rfc1
Rc8 15. Rc3 Qd6 16. Rac1 Ne7 17. Bc4 Rfd8 18. h4 h6 19. Bb3 Rxc3 20. Rxc3 Rc8
21. Rd3 Rd8 22. Rd1 Ba6 23. Ne5 b5 24. Qf3 Rf8 25. Qg4 Kh8 26. Rd3 f5 27. exf5
exf5 28. Qf4 Kh7 29. h5 {illisible :-(} 1/2-1/2

[Event "Rennes op 03th"]
[Site "Rennes"]
[Date "2010.07.18"]
[Round "2.3"]
[White "Mancini, Mario"]
[Black "Colin, Vincent"]
[Result "0-1"]
[WhiteElo "2256"]
[BlackElo "2425"]
[PlyCount "82"]
[EventDate "2010.07.??"]
[EventType "swiss"]
[EventRounds "9"]
[EventCountry "FRA"]
[WhiteTeamCountry "FRA"]
[BlackTeamCountry "FRA"]

1. d4 Nf6 2. c4 g6 3. g3 Bg7 4. Bg2 O-O 5. Nc3 d6 6. Nf3 Nc6 7. O-O a6 8. h3
Bd7 9. e4 e5 10. Be3 exd4 11. Nxd4 Re8 12. f4 Na5 13. Qd3 c5 14. Nb3 Nxb3 15.
axb3 Qb6 16. Qc2 Bc6 17. Bf2 Qc7 18. Rfe1 b5 19. Nd5 Nxd5 20. cxd5 Bd7 21. Rad1
Rac8 22. Kh2 h5 23. Re2 b4 24. Rc1 Bb5 25. Rd2 Qd8 26. h4 Re7 27. Qd1 Qe8 28.
Qf3 f5 29. e5 dxe5 30. fxe5 Rxe5 31. Rxc5 Rxc5 32. Bxc5 Bh6 33. Bxb4 Bxd2 34.
Bxd2 Re2 35. Bc3 Qe4 36. Kg1 Kf7 37. Qxe4 fxe4 38. Bh3 Rc2 39. Be6+ Ke8 40. d6
e3 41. Bd5 Rc1+ 0-1

[Event "Rennes op 03th"]
[Site "Rennes"]
[Date "2010.07.18"]
[Round "2.4"]
[White "Lejarre, Ludovic"]
[Black "Guezennec, Franck"]
[Result "1-0"]
[WhiteElo "2385"]
[BlackElo "2161"]
[PlyCount "125"]
[EventDate "2010.07.??"]
[EventType "swiss"]
[EventRounds "9"]
[EventCountry "FRA"]
[WhiteTeamCountry "FRA"]
[BlackTeamCountry "FRA"]

1. e4 c5 2. Nf3 Nc6 3. Nc3 Nf6 4. Bb5 d6 5. e5 dxe5 6. Nxe5 Qc7 7. Nxc6 bxc6 8.
Qf3 Bd7 9. d3 e6 10. Bc4 Nd5 11. Ne4 Be7 12. O-O O-O 13. Re1 Qb6 14. Bb3 a5 15.
a4 Bc8 16. Qg3 Kh8 17. Ng5 Bxg5 18. Bxg5 f6 19. Bd2 e5 20. Kh1 Ba6 21. Re4 Bc8
22. f4 Bf5 23. Rc4 Rfe8 24. Rf1 e4 25. dxe4 Rxe4 26. Rxe4 Bxe4 27. Re1 f5 28.
Bc4 Qxb2 29. Bxd5 cxd5 30. Bc3 Qb7 31. Be5 Bxc2 32. Qc3 Be4 33. Qxc5 d4 34.
Qxd4 Bxg2+ 35. Kg1 Be4 36. Rc1 Rg8 37. Kf2 Qe7 38. Rg1 Qh4+ 39. Ke3 h6 40.
Bxg7+ Kh7 41. Qa7 Qh3+ 42. Rg3 Qxg3+ 43. hxg3 Rxg7 44. Qxa5 Rxg3+ 45. Kd4 Rg7
46. Ke5 h5 47. Qd8 Rg4 48. Qe8 Rg6 49. a5 Rh6 50. Qd7+ Kg8 51. a6 h4 52. a7 h3
53. Qxf5 Bxf5 54. a8=Q+ Kf7 55. Kxf5 h2 56. Qb7+ Kg8 57. Qh1 Kg7 58. Ke5 Kf8
59. f5 Kf7 60. Qb7+ Kg8 61. f6 Rh7 62. Qd5+ Kf8 63. Ke6 1-0

[Event "Rennes op 03th"]
[Site "Rennes"]
[Date "2010.07.18"]
[Round "2.5"]
[White "Platel, Alexandre"]
[Black "Spassov, Liuben"]
[Result "1/2-1/2"]
[WhiteElo "2237"]
[BlackElo "2376"]
[PlyCount "55"]
[EventDate "2010.07.??"]
[EventType "swiss"]
[EventRounds "9"]
[EventCountry "FRA"]
[WhiteTeamCountry "FRA"]
[BlackTeamCountry "FRA"]

1. e4 c5 2. Nf3 e6 3. c3 Nf6 4. e5 Nd5 5. d4 cxd4 6. cxd4 d6 7. Bd3 Nc6 8. O-O
dxe5 9. dxe5 Ndb4 10. Be4 Qxd1 11. Rxd1 Na6 12. Bg5 Be7 13. Bxe7 Kxe7 14. Na3
Bd7 15. Nd4 Nab4 16. f4 h6 17. Nc4 g5 18. a3 Nxd4 19. axb4 Nb5 20. fxg5 hxg5
21. Bxb7 Rab8 22. Nd6 Rh4 23. Bf3 Rxb4 24. Nxb5 Bxb5 25. Rxa7+ Kf8 26. Bh5 Be8
27. Rf1 Rf4 28. Rxf4 1/2-1/2

[Event "Rennes op 03th"]
[Site "Rennes"]
[Date "2010.07.18"]
[Round "2.6"]
[White "Mladenov, Plamen"]
[Black "Theon, Pierre"]
[Result "1-0"]
[WhiteElo "2363"]
[BlackElo "2112"]
[PlyCount "45"]
[EventDate "2010.07.??"]
[EventType "swiss"]
[EventRounds "9"]
[EventCountry "FRA"]
[WhiteTeamCountry "FRA"]
[BlackTeamCountry "FRA"]

1. d4 e6 2. c4 b6 3. Nc3 Bb7 4. a3 f5 5. d5 Nf6 6. g3 Bd6 7. Bg2 O-O 8. Nh3 Na6
9. O-O Nc5 10. Bf4 Bxf4 11. Nxf4 e5 12. Nd3 d6 13. Nxc5 dxc5 14. e4 Bc8 15. Re1
fxe4 16. Nxe4 Nxe4 17. Rxe4 Qf6 18. Qe1 Bd7 19. Rxe5 Rae8 20. f4 Kh8 21. Qc3
Rxe5 22. fxe5 Qf2+ 23. Kh1 1-0

[Event "Rennes op 03th"]
[Site "Rennes"]
[Date "2010.07.18"]
[Round "2.7"]
[White "Barbot, Pierre"]
[Black "Milchev, Nikolay"]
[Result "0-1"]
[WhiteElo "2141"]
[BlackElo "2360"]
[PlyCount "160"]
[EventDate "2010.07.??"]
[EventType "swiss"]
[EventRounds "9"]
[EventCountry "FRA"]
[WhiteTeamCountry "FRA"]
[BlackTeamCountry "FRA"]

1. e4 d6 2. d4 e5 3. Nf3 exd4 4. Nxd4 Nf6 5. Nc3 Be7 6. Nde2 O-O 7. g3 Re8 8.
Bg2 Nc6 9. O-O Bf8 10. h3 Rb8 11. a4 a6 12. Nf4 g6 13. Nfd5 Nxd5 14. Nxd5 Bg7
15. c3 b5 16. axb5 axb5 17. Be3 Be6 18. f4 b4 19. Qd3 Qd7 20. Bf2 h5 21. Kh2
bxc3 22. bxc3 Rb2 23. Qc4 Kh7 24. Ra6 Ne7 25. Ra7 Rc8 26. h4 Nxd5 27. exd5 Bg4
28. Qa4 Qxa4 29. Rxa4 Bxc3 30. Kg1 Re8 31. Re4 Ra8 32. Rc4 Ba5 33. Bd4 Bb6 34.
Rf2 Rxf2 35. Kxf2 Ra2+ 36. Kg1 Ra1+ 37. Kf2 Ra2+ 38. Kg1 Be2 39. Rb4 Rb2 40.
Rxb6 Rxb6 41. Bxb6 cxb6 42. Kf2 Bg4 43. Ke3 Kg7 44. Bf1 Bd7 45. Kd4 Kf8 46. Bd3
Bf5 47. Bb5 Bh3 48. Bd3 Bg2 49. Bb5 Bh3 50. Ba6 Bd7 51. Bd3 Bc8 52. Bf1 Ke7 53.
Bb5 Kd8 54. Kc3 Bb7 55. Kd4 Bc8 56. Kc3 Bd7 57. Bd3 Kc7 58. Kb4 Kb7 59. Be2 Bh3
60. Bb5 Bg2 61. Bc6+ Kc7 62. Kc4 Bf1+ 63. Kb4 Kd8 64. Ba4 Be2 65. Bc6 Ba6 66.
Ba4 Ke7 67. Bb5 Bb7 68. Kc4 Bc8 69. Bc6 Ba6+ 70. Bb5 Bb7 71. Ba4 Kd8 72. Bb5
Bc8 73. Kb4 Bd7 74. Bd3 Kc7 75. Be2 Bg4 76. Bb5 Bf3 77. Bc6 Bg2 78. Kc4 Be4 79.
Kd4 Bf5 80. Kc4 Bd7 0-1

[Event "Rennes op 03th"]
[Site "Rennes"]
[Date "2010.07.18"]
[Round "2.8"]
[White "Pytel, Krzysztof"]
[Black "Auvray, Simon"]
[Result "1-0"]
[WhiteElo "2360"]
[BlackElo "2048"]
[PlyCount "53"]
[EventDate "2010.07.??"]
[EventType "swiss"]
[EventRounds "9"]
[EventCountry "FRA"]
[WhiteTeamCountry "FRA"]
[BlackTeamCountry "FRA"]

1. d4 Nf6 2. Nf3 c5 3. c3 g6 4. dxc5 Bg7 5. Be3 O-O 6. Nbd2 Qc7 7. Nb3 Na6 8.
Bd4 Re8 9. Ne5 Ne4 10. Nd3 e5 11. Be3 Bf8 12. g3 Nexc5 13. Nbxc5 Nxc5 14. Nb4
d6 15. Nd5 Qd8 16. Bg2 Be6 17. O-O Bxd5 18. Bxd5 Qc7 19. a4 Nd7 20. Qb3 Nb6 21.
Bxb6 axb6 22. f4 Ra5 23. e4 Re7 24. f5 Bh6 25. fxg6 hxg6 26. Rf6 Rxd5 27. Qxd5
1-0

[Event "Rennes op 03th"]
[Site "Rennes"]
[Date "2010.07.18"]
[Round "2.9"]
[White "Caroff, Frederic"]
[Black "Song, Julien"]
[Result "0-1"]
[WhiteElo "2106"]
[BlackElo "2347"]
[PlyCount "112"]
[EventDate "2010.07.??"]
[EventType "swiss"]
[EventRounds "9"]
[EventCountry "FRA"]
[WhiteTeamCountry "FRA"]
[BlackTeamCountry "FRA"]

1. b4 e5 2. Bb2 Bxb4 3. Bxe5 Nf6 4. Nf3 O-O 5. e3 Nc6 6. Bb2 d5 7. Be2 Bg4 8.
O-O Bd6 9. d3 Qe7 10. Nbd2 Ba3 11. Qc1 Bxb2 12. Qxb2 b6 13. Rfe1 Qb4 14. Nb3
Na5 15. c3 Qa4 16. Nxa5 Qxa5 17. Qb4 Qa6 18. d4 Qb7 19. h3 Bh5 20. Ne5 Bxe2 21.
Rxe2 Rac8 22. Rb2 c5 23. Qb3 Qa6 24. f3 Rc7 25. a4 Qa5 26. Ra3 cxd4 27. exd4
Rfc8 28. Qb5 Qxb5 29. axb5 Ne8 30. Ng4 Nd6 31. Ne3 Rxc3 32. Rxc3 Rxc3 33. Nxd5
Rc4 34. Ne7+ Kf8 35. Nc6 Nxb5 36. d5 Nc3 37. Nxa7 Nxd5 38. Rd2 Rc5 39. Nc6 Rxc6
40. Rxd5 Ke7 41. Rd2 b5 42. Kf2 b4 43. Rb2 Rb6 44. Ke3 b3 45. Kd4 Ke6 46. Kc4
Kf5 47. g3 g5 48. Rxb3 Rxb3 49. Kxb3 h5 50. Kc3 h4 51. gxh4 gxh4 52. Kd3 Kf4
53. Ke2 Kg3 54. f4 Kxf4 55. Kf2 f6 56. Kg2 Ke3 0-1

[Event "Rennes op 03th"]
[Site "Rennes"]
[Date "2010.07.??"]
[Round "2.10"]
[White "Adrian, Claude"]
[Black "Bapst, Valentin"]
[Result "1-0"]
[WhiteElo "2292"]
[BlackElo "1867"]
[PlyCount "43"]
[EventDate "2010.07.??"]
[EventType "swiss"]
[EventRounds "9"]
[EventCountry "FRA"]
[WhiteTeamCountry "FRA"]
[BlackTeamCountry "FRA"]

1. c4 Nf6 2. Nc3 d5 3. cxd5 Nxd5 4. g3 g6 5. Bg2 Nb6 6. d3 Bg7 7. Be3 O-O 8.
Qd2 Nc6 9. Bxc6 bxc6 10. h4 h5 11. Nf3 Nd5 12. Bh6 Rb8 13. Bxg7 Kxg7 14. Rc1
Qd6 15. b3 Bb7 16. O-O Rfc8 17. Ne4 Qa3 18. Rc5 Nb4 19. Rxh5 gxh5 20. Qg5+ Kf8
21. Qh6+ Ke8 22. Ne5 1-0

[Event "Rennes op 03th"]
[Site "Rennes"]
[Date "2010.07.18"]
[Round "3.1"]
[White "Song, Julien"]
[Black "Bratanov, Zsivko"]
[Result "0-1"]
[WhiteElo "2347"]
[BlackElo "2480"]
[PlyCount "86"]
[EventDate "2010.07.??"]
[EventType "swiss"]
[EventRounds "9"]
[EventCountry "FRA"]
[WhiteTeamCountry "FRA"]
[BlackTeamCountry "FRA"]

1. d4 Nf6 2. c4 g6 3. Nc3 Bg7 4. Nf3 O-O 5. Bg5 c5 6. d5 h6 7. Bh4 b5 8. cxb5
a6 9. e4 axb5 10. Bxf6 Bxf6 11. e5 b4 12. exf6 bxc3 13. bxc3 exf6 14. Be2 Ra3
15. O-O Qa5 16. Qd2 Ba6 17. Bxa6 Nxa6 18. Qxh6 Qxc3 19. Rae1 Qc4 20. Re7 Qxd5
21. Rfe1 Nc7 22. R7e4 Qh5 23. Qc1 Rxf3 24. gxf3 Ne6 25. Rg4 f5 26. Rg3 Ra8 27.
Rxe6 dxe6 28. Qxc5 Qh4 29. Kg2 Qf4 30. Rh3 Qg5+ 31. Kf1 Rd8 32. Qc3 e5 33. Rg3
Qf4 34. Kg2 Qd4 35. Qc1 Kg7 36. Qg5 e4 37. f4 Qd5 38. Re3 Ra8 39. a3 Rb8 40.
Rh3 e3+ 41. Kg3 e2 42. Qh6+ Kf6 43. Qg5+ Ke6 0-1

[Event "Rennes op 03th"]
[Site "Rennes"]
[Date "2010.07.18"]
[Round "3.2"]
[White "Colin, Vincent"]
[Black "Pytel, Krzysztof"]
[Result "1-0"]
[WhiteElo "2425"]
[BlackElo "2360"]
[PlyCount "67"]
[EventDate "2010.07.??"]
[EventType "swiss"]
[EventRounds "9"]
[EventCountry "FRA"]
[WhiteTeamCountry "FRA"]
[BlackTeamCountry "FRA"]

1. Nf3 Nf6 2. c4 c5 3. Nc3 Nc6 4. d4 cxd4 5. Nxd4 g6 6. e4 d6 7. Be2 Bg7 8. Be3
O-O 9. O-O Nd7 10. Nxc6 bxc6 11. Rc1 Rb8 12. Qd2 Nc5 13. Rfd1 Be6 14. b4 Nd7
15. Nd5 a5 16. b5 Ne5 17. Nf4 Bd7 18. a4 Ng4 19. Bxg4 Bxg4 20. f3 Bd7 21. c5
Rc8 22. b6 e5 23. Ne2 d5 24. exd5 cxd5 25. Qxd5 Bc6 26. Qxd8 Rfxd8 27. Nc3 e4
28. Nxe4 Rxd1+ 29. Rxd1 Bxa4 30. Rd6 Be5 31. Rd5 Bb8 32. b7 Rf8 33. Bh6 Bc6 34.
Nf6+ 1-0

[Event "Rennes op 03th"]
[Site "Rennes"]
[Date "2010.07.18"]
[Round "3.3"]
[White "Binard, Vianney"]
[Black "Lejarre, Ludovic"]
[Result "0-1"]
[WhiteElo "1770"]
[BlackElo "2385"]
[PlyCount "90"]
[EventDate "2010.07.??"]
[EventType "swiss"]
[EventRounds "9"]
[EventCountry "FRA"]
[WhiteTeamCountry "FRA"]
[BlackTeamCountry "FRA"]

1. e4 e5 2. Nf3 Nc6 3. Bb5 a6 4. Ba4 Nf6 5. O-O Be7 6. Re1 b5 7. Bb3 d6 8. c3
O-O 9. d4 Bg4 10. d5 Na5 11. Bc2 c6 12. h3 Bxf3 13. Qxf3 cxd5 14. exd5 Nc4 15.
Be3 Nxb2 16. Nd2 Rc8 17. Rab1 Nc4 18. Nxc4 Rxc4 19. Bd2 Rc5 20. Bb3 Nd7 21. Re4
f5 22. Rb4 a5 23. Be3 axb4 24. Bxc5 Nxc5 25. cxb4 Nxb3 26. Qxb3 Qb6 27. Qd3 e4
28. Qd2 f4 29. Re1 e3 30. fxe3 Bh4 31. Re2 Re8 32. Qc2 Rxe3 33. Kf1 Rxe2 34.
Qxe2 Qe3 35. Qxe3 fxe3 36. Ke2 Bg5 37. h4 Bxh4 38. Kxe3 Kf7 39. Kf4 Bf6 40. Kf5
Bc3 41. Kg5 Bxb4 42. Kf5 g6+ 43. Ke4 Kf6 44. Kf4 h5 45. g3 g5+ 0-1

[Event "Rennes op 03th"]
[Site "Rennes"]
[Date "2010.07.18"]
[Round "3.4"]
[White "Geffroy, Leo"]
[Black "Mladenov, Plamen"]
[Result "0-1"]
[WhiteElo "1748"]
[BlackElo "2363"]
[PlyCount "50"]
[EventDate "2010.07.??"]
[EventType "swiss"]
[EventRounds "9"]
[EventCountry "FRA"]
[WhiteTeamCountry "FRA"]
[BlackTeamCountry "FRA"]

1. e4 c5 2. Nf3 d6 3. d4 Nf6 4. dxc5 Nxe4 5. cxd6 Nc6 6. Bf4 Qb6 7. Be3 Qxb2 8.
Nbd2 Nc3 9. Qc1 Qxc1+ 10. Rxc1 exd6 11. Bc4 d5 12. Bb3 Ba3 13. Ra1 a5 14. Nb1
Bb2 15. Nxc3 Bxc3+ 16. Ke2 Bxa1 17. Rxa1 Be6 18. Rd1 O-O 19. Bxd5 Bxd5 20. Rxd5
Nb4 21. Rb5 Nxa2 22. Rxb7 a4 23. Bd4 a3 24. c4 Rfc8 25. c5 Rxc5 0-1

[Event "Rennes op 03th"]
[Site "Rennes"]
[Date "2010.07.18"]
[Round "3.5"]
[White "Milchev, Nikolay"]
[Black "Adrian, Claude"]
[Result "1-0"]
[WhiteElo "2360"]
[BlackElo "2292"]
[PlyCount "66"]
[EventDate "2010.07.??"]
[EventType "swiss"]
[EventRounds "9"]
[EventCountry "FRA"]
[WhiteTeamCountry "FRA"]
[BlackTeamCountry "FRA"]

1. f4 g6 2. Nf3 Bg7 3. g3 Nf6 4. Bg2 d5 5. O-O O-O 6. d3 b6 7. Qe1 Bb7 8. a4 c5
9. c3 Nbd7 10. h3 Qc7 11. Na3 a6 12. g4 e5 13. fxe5 Nxe5 14. Nxe5 Qxe5 15. Nc4
dxc4 16. Bxb7 Ra7 17. Bg2 Re8 18. dxc4 a5 19. Bf4 Qe6 20. Rd1 Qxc4 21. Bc6 Rc8
22. Bb5 Qe4 23. Rd6 c4 24. Qh4 Qe7 25. Rfd1 h6 26. Bxh6 Ne8 27. Qxe7 Rxe7 28.
Bg5 f6 29. Rd7 Rxe2 30. Bf4 Re4 31. R1d4 f5 32. Rxe4 fxe4 33. g5 Bf8 {suite
illisible} 1-0

[Event "Rennes op 03th"]
[Site "Rennes"]
[Date "2010.07.18"]
[Round "3.6"]
[White "Burel, Iwan"]
[Black "Okhotnik, Vladimir"]
[Result "0-1"]
[WhiteElo "1730"]
[BlackElo "2467"]
[PlyCount "74"]
[EventDate "2010.07.??"]
[EventType "swiss"]
[EventRounds "9"]
[EventCountry "FRA"]
[WhiteTeamCountry "FRA"]
[BlackTeamCountry "FRA"]

1. e4 e5 2. Nf3 Nc6 3. Bb5 a6 4. Ba4 Nf6 5. O-O Be7 6. Re1 b5 7. Bb3 d6 8. c3
O-O 9. h3 Rb8 10. d4 exd4 11. cxd4 d5 12. e5 Ne4 13. Nbd2 Bf5 14. Bc2 Nb4 15.
Bb1 c5 16. Nxe4 Bxe4 17. Bxe4 dxe4 18. Rxe4 Qd5 19. Re1 Rbd8 20. a3 Nc6 21. Bf4
Nxd4 22. Nd2 Ne6 23. Be3 Qxe5 24. Qc2 Bf6 25. Rab1 Qc7 26. Rbc1 Rd4 27. Ne4 Be7
28. Nc3 Rd7 29. Ne4 c4 30. b3 Bxa3 31. Ra1 Bb4 32. Rec1 a5 33. bxc4 bxc4 34.
Qe2 Rc8 35. Qg4 Qe5 36. Ng3 g6 37. Ra2 f5 0-1

[Event "Rennes op 03th"]
[Site "Rennes"]
[Date "2010.07.18"]
[Round "3.7"]
[White "Karpatchev, Aleksandr"]
[Black "Grandi, Paul"]
[Result "1-0"]
[WhiteElo "2476"]
[BlackElo "1855"]
[PlyCount "31"]
[EventDate "2010.07.??"]
[EventType "swiss"]
[EventRounds "9"]
[EventCountry "FRA"]
[WhiteTeamCountry "FRA"]
[BlackTeamCountry "FRA"]

1. e4 c5 2. c3 d5 3. exd5 Qxd5 4. Nf3 g6 5. Na3 Bg7 6. Bc4 Qe4+ 7. Be2 Bd7 8.
O-O Nf6 9. Re1 O-O 10. Bc4 Qf5 11. Re5 Ba4 12. Qxa4 Qc8 13. Rxe7 Nc6 14. Rxf7
Rxf7 15. Bxf7+ Kxf7 16. Qc4+ 1-0

[Event "Rennes op 03th"]
[Site "Rennes"]
[Date "2010.07.18"]
[Round "3.8"]
[White "Spassov, Liuben"]
[Black "Mahieux, Julien"]
[Result "1-0"]
[WhiteElo "2376"]
[BlackElo "1850"]
[PlyCount "85"]
[EventDate "2010.07.??"]
[EventType "swiss"]
[EventRounds "9"]
[EventCountry "FRA"]
[WhiteTeamCountry "FRA"]
[BlackTeamCountry "FRA"]

1. d4 d5 2. c4 c6 3. Nf3 Nf6 4. Qc2 g6 5. Bf4 Qa5+ 6. Nbd2 Na6 7. a3 dxc4 8.
Qxc4 Be6 9. Qc1 Bg7 10. b4 Qb6 11. e3 O-O 12. Nc4 Qd8 13. Na5 Qc8 14. Bxa6 bxa6
15. Qxc6 Bd5 16. Qxc8 Rfxc8 17. O-O Rc3 18. Rfc1 Rac8 19. Rxc3 Rxc3 20. h3 Ne4
21. Ne1 f5 22. Kf1 g5 23. Bb8 f4 24. exf4 Bxd4 25. Be5 Bxe5 26. fxe5 Kf7 27.
Ke2 Ke6 28. f3 Ng3+ 29. Kd2 Rc8 30. Nd3 Kf5 31. Re1 h5 32. Nc5 h4 33. Nab3 Bc4
34. Nd4+ Kg6 35. Nc2 Nf5 36. e6 Rc6 37. Kc3 Bd5 38. Ne3 Nxe3 39. Rxe3 Kf5 40.
Kd4 Bxe6 41. Re5+ Kf6 42. Ne4+ Kg6 43. Rxg5+ 1-0

[Event "Rennes op 03th"]
[Site "Rennes"]
[Date "2010.07.18"]
[Round "3.9"]
[White "Daurelle, Herve"]
[Black "Heyman, Jacques"]
[Result "1-0"]
[WhiteElo "2239"]
[BlackElo "1845"]
[PlyCount "59"]
[EventDate "2010.07.??"]
[EventType "swiss"]
[EventRounds "9"]
[EventCountry "FRA"]
[WhiteTeamCountry "FRA"]
[BlackTeamCountry "FRA"]

1. e4 c6 2. c4 d5 3. exd5 cxd5 4. cxd5 Nf6 5. Nc3 a6 6. Qa4+ Nbd7 7. d4 b6 8.
Bb5 Bb7 9. Bc6 Qb8 10. Nf3 b5 11. Qb3 Bxc6 12. dxc6 Nb6 13. O-O Qd6 14. Ne5 e6
15. Rd1 Qb4 16. Qc2 Be7 17. a3 Qd6 18. Bf4 Qd8 19. c7 Qc8 20. Nc6 Nfd5 21. Nxd5
Nxd5 22. Nxe7 Kxe7 23. Qc5+ Ke8 24. Qc6+ Kf8 25. Rac1 Nxf4 26. Qxa8 Ke7 27. Qe4
Nd5 28. Qe1 Kd7 29. Rc5 Re8 30. Rxd5+ 1-0

[Event "Rennes op 03th"]
[Site "Rennes"]
[Date "2010.07.18"]
[Round "3.10"]
[White "Kohi, Camilla"]
[Black "Platel, Alexandre"]
[Result "0-1"]
[WhiteElo "1801"]
[BlackElo "2237"]
[PlyCount "56"]
[EventDate "2010.07.??"]
[EventType "swiss"]
[EventRounds "9"]
[EventCountry "FRA"]
[WhiteTeamCountry "FRA"]
[BlackTeamCountry "FRA"]

1. b3 e5 2. Bb2 Nc6 3. e3 d5 4. d4 exd4 5. exd4 Nf6 6. Be2 Bd6 7. Nf3 O-O 8.
O-O Ne7 9. Re1 Ng6 10. Bf1 Ne4 11. g3 Bg4 12. Bg2 Qd7 13. a3 Rae8 14. Nc3 Qf5
15. Re3 Ng5 16. Qd3 Qxd3 17. Rxd3 Bxf3 18. Bxf3 c6 19. Bg2 f5 20. a4 f4 21. h4
fxg3 22. hxg5 Rxf2 23. Rf1 Rxc2 24. Bc1 Bb4 25. Nxd5 cxd5 26. Bxd5+ Kh8 27.
Rxg3 Be1 28. Re3 Bf2+ 0-1

[Event "Rennes op 03th"]
[Site "Rennes"]
[Date "2010.07.19"]
[Round "4.1"]
[White "Bratanov, Zsivko"]
[Black "Milchev, Nikolay"]
[Result "1-0"]
[WhiteElo "2480"]
[BlackElo "2360"]
[PlyCount "83"]
[EventDate "2010.07.??"]
[EventType "swiss"]
[EventRounds "9"]
[EventCountry "FRA"]
[WhiteTeamCountry "FRA"]
[BlackTeamCountry "FRA"]

1. d4 d5 2. c4 c6 3. Nf3 Nf6 4. Nc3 dxc4 5. a4 Bf5 6. Ne5 Nbd7 7. Nxc4 Qc7 8.
g3 e5 9. dxe5 Nxe5 10. Bf4 Nfd7 11. Bg2 g5 12. Ne3 gxf4 13. Nxf5 fxg3 14. hxg3
O-O-O 15. Qc2 a5 16. O-O-O Bb4 17. Ne4 Kb8 18. f4 Ng6 19. Kb1 h5 20. e3 Ne7 21.
Ned6 Nxf5 22. Nxf5 Nf6 23. Bf3 Qb6 24. e4 Ng4 25. Bxg4 hxg4 26. Rxh8 Rxh8 27.
Ka2 Rh3 28. Rd7 Qg1 29. Rd1 Qb6 30. e5 Ka8 31. Rd7 Rh1 32. Rxf7 Qg1 33. Nd6
Qa1+ 34. Kb3 Rb1 35. Rf8+ Ka7 36. Qf2+ b6 37. Nc8+ Ka8 38. Nxb6+ Kb7 39. Rf7+
Kb8 40. Nc4 Kc8 41. Qg2 Kd8 42. Qxc6 1-0